000 00838ckc a22002055a 4500
001 L141029
008 071025s1942 xxk eng u
035 _a(Sirsi) u141029
041 0 _aeng
245 0 1 _a[Collection of photographs showing Air Chief Marshal Sir Charles Portal presenting a pound note to Lord Mottistone, Chairman of the R.A.F. Pilots and Aircrews Fund]
_h[graphic]
260 _c1942
300 _a5 photographs
_bb&w
_c20 x 26 cm., or smaller +
_e1 sheet (20 x 12 cm.)
340 _aPhotograph
351 _cFonds
500 _aThe pound note was presented by Sir Charles Portal, and autographed by him, brought the R.A.F. Pilots and Aircrews Fund up to £100,000.
500 _aItem is accompanied by an internal memo dated 8 January 1943.
651 4 _aUnited Kingdom
_y
690 _aABOUT RICS
942 _n0
999 _c116555
_d116555